Statistics for Apex Legends Super Quiz

Click here to take the quiz!

General Stats

  • This quiz has been taken 891 times
    (781 since last reset)
  • The average score is 57 of 137

Answer Stats

HintAnswer% Correct
Wraith
92%
Octane
90%
Pathfinder
90%
LegendsBloodhound
89%
Gibraltar
89%
Lifeline
89%
Worlds Edge
89%
Bangalore
88%
Caustic
88%
Olympus
88%
MapsKings Canyon
87%
Mirage
87%
Wattson
86%
Loba
84%
WeaponsR-301
84%
R-99
84%
Revenant
83%
Valkyrie
83%
Crypto
82%
Fuse
82%
Ash
80%
Flatline
79%
Horizon
79%
P2020
79%
Seer
79%
Storm Point
79%
Peacekeeper
78%
Wingman
78%
Rampart
77%
Kraber
76%
Mad Maggie
76%
Mozambique
76%
Sentinel
76%
Longbow
75%
Mastiff
75%
RE-45
75%
Havoc
74%
Eva-8
72%
Volt
72%
Devotion
70%
Hemlok
70%
Spitfire
70%
Alternator
69%
Bocek
67%
Med Kit
67%
Rampage
67%
Shield Battery
66%
C.A.R.
65%
Prowler
65%
ItemsShield Cell
65%
30-30 Repeater
64%
Charge Rifle
64%
G7 Scout
64%
Triple Take
63%
L-Star
62%
Syringe
61%
Phoenix Kit
54%
Arc Star
52%
Frag Grenade
44%
Thermite Grenade
44%
AttachmentsBarrel Stabilizer
41%
MythicsKunai
38%
Turbocharger
38%
Heavy Ammo
37%
Helmet
37%
Light Ammo
37%
Energy Ammo
36%
Extended Light Mag
36%
Heat Shield
36%
Sniper Ammo
36%
Extended Heavy Mag
35%
Backpack
34%
Evo Shield
34%
Extended Energy Mag
34%
Shotgun Ammo
34%
Standard Stock
34%
Extended Sniper Mag
33%
Knockdown Shield
32%
Mobile Respawn Beacon
30%
Shotgun Bolt
30%
Sniper Stock
29%
Hammerpoint Rounds
26%
Boxing Gloves
25%
Butterfly Knife
25%
1x Holo
24%
Boosted Loader
24%
Shock Sticks
19%
Shatter Caps
18%
Hop-UpsAnvil Receiver
17%
Disruptor Rounds
17%
Double Tap Trigger
17%
Raven's Bite
15%
1x Digital Threat
14%
Deadeyes Tempo
13%
Dual Shell
13%
War Club
13%
6x Sniper
11%
Cold Steel
11%
Dead Mans Curve
11%
Death Hammer
11%
Precision Choke
10%
Skullpiercer Rifling
10%
2x HCOG Bruiser
9%
3x HCOG Ranger
9%
Energy Reader
9%
Selectfire Receiver
9%
1x HCOG Classic
8%
Too Much Witt
8%
4x-8x Variable Sniper
7%
Problem Solver
7%
Quickdraw Holster
7%
1x-2x Variable Holo
6%
Anniversary
6%
Iron Crown
6%
Vault Key
6%
2x-4x Variable AOG
5%
4x-10x Digital Sniper Threat
5%
Evolution
4%
Fight Night
4%
Genesis
4%
The Old Ways
4%
Collection EventsAftermarket
3%
Apex Hunter
3%
Thematic EventsDark Depths
3%
Fight or Fright
3%
Holo-Day Bash
3%
Lost Treasures
3%
MRVN Arm
3%
Raiders
3%
System Override
3%
Voidwalker
3%
Chaos Theory
2%
Grand Soirée
2%
Legendary Hunt
2%
Monsters Within
2%
Thrillseekers
2%
War Games
2%

Score Distribution

Percentile by Number Answered

Percent of People with Each Score

Your Score History

You have not taken this quiz since the last reset